000 00231nam a2200109Ia 4500
008 190216s9999||||xx |||||||||||||| ||und||
100 _aOmchery
245 0 _aPralayam
260 _bNbs Kottayam
650 _aMalayalam
942 _cBK
999 _c25166
_d25166